00366nam a2200133 a 450000500170000000800410001702000180005805000220007610000190009824500400011726000500015730000090020744000160021620140412111426.0090629s19uu xx 00 eng d a0-7498-4446-9 aM 510.7bM82 1998 aMorgan, Nicola aStarting to count /cNicola Morgan. aGreat Britain :bEgmont world limited,c1998. a32p. aI can learn